Plus Grandes Villes de France par Lettre - G - Statistiques

Statistiques générales
  • Ce quiz a été pris 379 fois
  • Le résultat moyen est 6 sur 20
Réponses sur la Carte
Les réponses sont colorées sur une échelle allant du rouge au vert en fonction du pourcentage des utilisateurs qui les ont devinées à leur premier essai. Vous pouvez retrouver ces pourcentages ci-dessous.
 
Statistiques - réponses
Population Ville % Correct
157 477 Grenoble
95%
40 500 Gap
71%
48 323 Grasse
58%
42 841 Garges-lès-Gonesse
40%
49 410 Gennevilliers
36%
27 257 Grigny
34%
25 963 Gonesse
25%
25 835 Gradignan
24%
25 975 Le {Grand}-{Quevilly}
24%
30 693 Goussainville
23%
20 654 Givors
21%
29 932 La {Garenne}-{Colombes}
21%
20 331 Grande-Synthe
20%
40 189 Gagny
18%
21 174 Gardanne
17%
22 399 Gujan-Mestras
16%
25 912 La {Garde}
15%
27 184 Le {Gosier}
14%
29 406 Guyancourt
13%
22 352 Gif-sur-Yvette
11%
Aucun quiz correspondant
Distribution des résultats
% des personnes avec chaque résultat
Percentile par nombre de réponses
Votre historique - résultats
Vous n’avez pas pris ce quiz